| 000 | 00761nam a2200253 i 4500 | ||
|---|---|---|---|
| 001 | bg | ||
| 100 | 1 | _aMakarewicz, Edwin. | |
| 245 | 1 | 0 |
_aStabilizacja i reologia polimerycznych układów dyspersyjnych / _cEdwin Makarewicz. |
| 260 |
_aBydgoszcz : _bWydawnictwa Uczelniane Uniwersytetu Technologiczno-Przyrodniczego, _ccop. 2008. |
||
| 300 |
_a95 s. : _bil. ; _c24 cm. |
||
| 504 | _aBibliogr. przy rozdz. | ||
| 650 | 9 | _aReologia | |
| 650 | 9 | _aŚrodki powierzchniowo-czynne | |
| 650 | 9 | _aUkład dyspersyjny | |
| 015 | _aPB 6043/2009 | ||
| 020 | _a9788361314288 | ||
| 040 | _cBPK | ||
| 041 | _apol | ||
| 044 | _aPOL | ||
| 080 | _a544.77:532:661.185/.187 | ||
| 920 | _a978-83-61314-28-8 | ||
| 942 | _cKS | ||
| 008 | 090511s2008 pl |000 0 pol | ||
| 999 |
_c56315 _d56315 |
||
| 856 |
_uhttp://koha.tu.koszalin.pl/cgi-bin/koha/opac-detail.pl?biblionumber=56315 _yKatalog online BPK |
||